| 000 | 01325nam a2200361 i 4500 | ||
|---|---|---|---|
| 001 | 11616 | ||
| 003 | KOSZ 005 | ||
| 005 | 20231109062806.0 | ||
| 008 | 990506s1965 pl a |000 0 pol | ||
| 015 | _aPB 1966/757 | ||
| 035 | _a(OCoLC)835928880 | ||
| 040 |
_aWA N _cWA N _dKOSZ 005/HR |
||
| 041 | 1 |
_apol _heng _hger |
|
| 046 | _k1965 | ||
| 080 | _a141.82 | ||
| 100 | 1 |
_aMarx, Karl _d(1818-1883) _eAutor |
|
| 245 | 1 | 0 |
_aDzieła. _nT. 10 / _c[red. Paweł Hertz] ; Karol Marks, Fryderyk Engels ; tł. z ang. i niem. Salomon Filmus [et al.]. |
| 246 | 1 |
_iTyt. oryg.: _aMarx Engels Werke. |
|
| 260 |
_aWarszawa : _bKsiążka i Wiedza, _c1965. |
||
| 300 |
_aVI, 900, [3] s., 3 k. tabl. : _b3 mapy, il. ; _c22 cm. |
||
| 380 | _aKsiążki. | ||
| 500 | _aCałość obejmuje 39 t. | ||
| 655 | 4 | _aPublicystyka niemiecka | |
| 648 | 4 | _a1801-1900 | |
| 650 | 4 | _aHistoria | |
| 650 | 4 | _aMarksizm | |
| 700 | 1 |
_aEngels, Friedrich _d(1820-1895) _eAutor |
|
| 700 | 1 |
_aFilmus, Salomon. _eTłumaczenie |
|
| 700 | 1 |
_aHertz, Paweł _d(1918-2001). _eRedakcja |
|
| 710 | 2 |
_aSpółdzielnia Wydawniczo-Handlowa "Książka i Wiedza" _4pbl. |
|
| 856 |
_uhttp://koha.tu.koszalin.pl/cgi-bin/koha/opac-detail.pl?biblionumber=11616 _yKatalog online BPK |
||
| 942 |
_2UKD _cKS |
||
| 999 |
_c11616 _d11616 |
||